A Interpretação dos Sonhos / (Record no. 396)

MARC details
000 -LÍDER
campo de controle de tamanho fixo 01518nam a2200301 4500
001 - NÚMERO DE CONTROLE
campo de controle 396
003 - IDENTIFICADOR DO NÚMERO DE CONTROLE
campo de controle OSt
005 - DATA E HORÁRIO DA ÚLTIMA TRANSAÇÃO
campo de controle 20250414160931.0
008 - CAMPO DE DADOS FIXOS--INFORMAÇÃO GERAL
campo de controle de tamanho fixo 250414b |||||||| |||| 00| 0 eng d
020 ## - ISBN - INTERNATIONAL STANDARD BOOK NUMBER
ISBN - International Standard Book Number 9788563270245
040 ## - FONTE DA CATALOGAÇÃO
Idioma da catalogação por
041 ## - CÓDIGO DE IDIOMA
Código do idioma do original e/ou traduções intermediárias do texto ger
Código do idioma do texto/trilha sonora ou título diferente por
082 ## - CDD - CLASSIFICAÇÃO DECIMAL DE DEWEY
Número de Classificação 150.195
Número do exemplar F889i
100 ## - ENTRADA PRINCIPAL--NOME PESSOAL
Nome pessoal Freud, Sigmund
Datas associadas ao nome 1856- 1939
9 (RLIN) 845
240 ## - TÍTULO UNIFORME
Título uniforme Die Traumdeutung
245 ## - TÍTULO
Título A Interpretação dos Sonhos /
Indicação de responsabilidade, etc. Freud, Sigmund ; Tradução de Walderedo Ismael de Oliveira
260 ## - PUBLICAÇÃO, DISTRIBUIÇÃO, ETC.
Local de publicação, distribuição, etc. São Paulo
Nome do editor, distribuidor, etc. Folha de S. Paulo
Data da publicação, distribuição, etc. 2010
300 ## - DESCRIÇÃO FÍSICA
Extensão 462 p.
520 ## - NOTA DE RESUMO, ETC.
Resumo, etc. Procurando a causa da dor psíquica, Freud sai em busca de suas possíveis origens. Comportamentos fora de padrão, durante vigília ou sono, intrigam a todos. Desde que o mundo é mundo, a história e a mitologia dos povos procura desvendar a razão dessas irracionalidades. Escolhendo interpretar os sonhos em vez de decifrá-los, Freud dá um grande passo. Ao mudar o foco de “o que se sonha” para “por que se sonha”, inicia-se o percurso que terminará na elaboração do conceito de inconsciente. Em “A Interpretação dos Sonhos”, já se vislumbra a teoria psicanalítica da compreensão dos mistérios da mente.<br/>
650 #0 - ASSUNTO--TERMO TÓPICO
Cabeçalho tópico ou nome geográfico Psicanálise
9 (RLIN) 839
650 #0 - ASSUNTO--TERMO TÓPICO
Cabeçalho tópico ou nome geográfico Freud, Sigmund – Teorias
9 (RLIN) 840
650 #0 - ASSUNTO--TERMO TÓPICO
Cabeçalho tópico ou nome geográfico Psicologia dos sonhos
9 (RLIN) 846
650 #0 - ASSUNTO--TERMO TÓPICO
Cabeçalho tópico ou nome geográfico Comportamento humano
9 (RLIN) 847
655 #0 - TERMO DE ÍNDICE--GÊNERO E FORMA
Gênero/forma/ou termo foco Não Ficção
655 #0 - TERMO DE ÍNDICE--GÊNERO E FORMA
Gênero/forma/ou termo foco Técnico-científico
700 ## - ENTRADA ADICIONADA - NOME PESSOAL
Nome pessoal Walderedo Ismael de Oliveira
Função do autor por extenso TRADUTOR
9 (RLIN) 848
942 ## - ELEMENTOS DE ENTRADA ADICIONADOS (KOHA)
Fonte de classificação ou esquema de arquivamento Classificação decimal de Dewey
Ocultar no OPAC Não
Tipo de material Koha Livros
Holdings
Situação do descarte Situação das perdas Fonte de classificação ou esquema de arquivamento Status danificado Não pode ser emprestado Coleção Biblioteca de origem Biblioteca atual Localização na estante Data de aquisição Fonte de aquisição Total de empréstimos Número de chamada completo Código de barras Data de último acesso Data do preço efetivo Tipo de material Koha
    Classificação decimal de Dewey     Não ficção Biblioteca Professor Eduardo Afonso de Castro Biblioteca Professor Eduardo Afonso de Castro Psicologia e Filosofia 14.04.2025 doação   150.195 / F889i 2025-17335 14.04.2025 14.04.2025 Livros

Powered by Koha